|
|
|
|
| LEADER |
00000cam a22000004a 4500 |
| 001 |
musev2_35776 |
| 003 |
MdBmJHUP |
| 005 |
20230905043749.0 |
| 006 |
m o d |
| 007 |
cr||||||||nn|n |
| 008 |
130904s2013 txu o 00 0 eng d |
| 010 |
|
|
|z 2013949635
|
| 020 |
|
|
|a 9780896728141
|
| 020 |
|
|
|z 0896728137
|
| 020 |
|
|
|z 9780896728134
|
| 020 |
|
|
|z 0896728145
|
| 035 |
|
|
|a (OCoLC)896786446
|
| 040 |
|
|
|a MdBmJHUP
|c MdBmJHUP
|
| 100 |
1 |
|
|a Carlson, Lori M.
|
| 245 |
1 |
2 |
|a A Stitch in Air /
|c Lori Marie Carlson.
|
| 264 |
|
1 |
|a Lubbock, Tex. :
|b Texas Tech University Press,
|c 2013.
|
| 264 |
|
3 |
|a Baltimore, Md. :
|b Project MUSE,
|c 2014
|
| 264 |
|
4 |
|c ©2013.
|
| 300 |
|
|
|a 1 online resource (256 pages).
|
| 336 |
|
|
|a text
|b txt
|2 rdacontent
|
| 337 |
|
|
|a computer
|b c
|2 rdamedia
|
| 338 |
|
|
|a online resource
|b cr
|2 rdacarrier
|
| 490 |
0 |
|
|a The Americas series
|
| 505 |
0 |
|
|a Reverie -- Sanctity -- Harmony -- Rosary -- Legacy -- Solemnity -- Sanctuary -- Clarity -- Gaiety -- Liberty -- Finery -- Sobriety -- Litany -- Mercy -- Charity -- Delivery -- Duty -- Curiosity -- Remedy -- Heresy -- Honesty -- Poetry -- Rarity -- Chastity -- Quietly -- Mystery -- Nativity -- Regality -- Festivity -- Agony -- Epiphany -- Lucidity -- Delicacy -- Reality -- Homily -- Ability -- Secrecy -- Especially -- Piety -- Royalty -- Savory -- Calamity -- Hostelry -- Hospitality -- Strategy -- Carefully -- Relativity -- Finality -- Faintly -- Generosity.
|
| 588 |
|
|
|a Description based on print version record.
|
| 650 |
|
7 |
|a Amerikanisches Englisch
|2 gnd
|
| 650 |
|
7 |
|a Roman
|2 gnd
|
| 650 |
|
7 |
|a Convents.
|2 fast
|0 (OCoLC)fst00877187
|
| 650 |
|
7 |
|a Civilization.
|2 fast
|0 (OCoLC)fst00862898
|
| 650 |
|
0 |
|a Convents
|z Spain
|v Fiction.
|
| 651 |
|
7 |
|a Spain
|z Granada.
|2 fast
|0 (OCoLC)fst01207338
|
| 651 |
|
7 |
|a Spain.
|2 fast
|0 (OCoLC)fst01204303
|
| 651 |
|
6 |
|a Espagne
|x Civilisation
|y 1516-1700
|v Romans, nouvelles, etc.
|
| 651 |
|
0 |
|a Spain
|x Civilization
|y 1516-1700
|v Fiction.
|
| 651 |
|
0 |
|a Granada (Spain)
|v Fiction.
|
| 655 |
|
7 |
|a Novels.
|2 lcgft
|0 http://id.loc.gov/authorities/genreForms/gf2015026020
|0 (uri) http://id.loc.gov/authorities/genreForms/gf2015026020
|
| 655 |
|
7 |
|a Fiction.
|2 lcgft
|0 http://id.loc.gov/authorities/genreForms/gf2014026339
|0 (uri) http://id.loc.gov/authorities/genreForms/gf2014026339
|
| 655 |
|
7 |
|a Fiction.
|2 fast
|0 (OCoLC)fst01423787
|
| 655 |
|
7 |
|a Electronic books.
|2 local
|
| 710 |
2 |
|
|a Project Muse.
|e distributor
|
| 830 |
|
0 |
|a Book collections on Project MUSE.
|
| 856 |
4 |
0 |
|z Texto completo
|u https://projectmuse.uam.elogim.com/book/35776/
|
| 945 |
|
|
|a Project MUSE - Custom Collection
|
| 945 |
|
|
|a Project MUSE - 2014 Complete
|
| 945 |
|
|
|a Project MUSE - 2014 Poetry, Fiction and Creative Non-Fiction
|